A-Z Band Names 1970's - Statistics

General Stats
  • This quiz has been taken 302 times
  • The average score is 10 of 26
Answer Stats
Song Title/Year Answer % Correct
C Le Freak (1979) Chic
84%
V In The Navy (1979) Village People
77%
Q Seven Seas of Rhye (1974) Queen
64%
D Knock Three Times (1970) Dawn
63%
J Aqualung (1971) Jethro Tull
63%
M All The Young Dudes (1972) Mott The Hoople
61%
K I Was Made for Lovin' You (1979) Kiss
59%
E Living Thing (1976) ELO
58%
W Low Rider (1975) War
55%
B Feel Like Makin' Love (1975) Bad Company
53%
A Whole Lotta Rosie (1978) AC DC
52%
R Miss You (1978) Rolling Stones
42%
X Making Plans for Nigel (1979) XTC
42%
O Love Me For A Reason (1974) Osmonds
29%
U Teenage Kicks (1978) Undertones
29%
S You Make Me Feel Brand New (1974) Stylistics
27%
Y Wonderous Stories (1977) Yes
27%
I Summer Breeze (1974) Isley Brothers
26%
F Stay With Me (1971) Faces
23%
H Emma (1974) Hot Chocolate
18%
P Welcome Home (1973) Peters & Lee
18%
L Run For Home (1978) Lindisfarne
15%
G Cuba (1978) Gibson Brothers
10%
T Hold Back the Night (1975) Trammps
9%
N Jet Boy (1973) New York Dolls
6%
Z Sign Of The Times (1978) Zones
0%
No matching quizzes found
Score Distribution
Percent of People with Each Score
Percentile by Number Answered
Your Score History
You have not taken this quiz